Essai sur l'entomologie horticole (Record no. 152303)

MARC details
000 -LEADER
campo de control de longitud fija 00853nam a2200181 i 4500
001 - NÚMERO DE CONTROL
campo de control 152303
003 - IDENTIFICADOR DE NÚMERO DE CONTROL
campo de control ES-MaACL
005 - FECHA Y HORA DE LA ÚLTIMA TRANSACCIÓN
campo de control 20230906204630.0
008 - DATOS DE LONGITUD FIJA--INFORMACIÓN GENERAL
campo de control de longitud fija 051014s1867 fr ac | |||||||| ||fre d
040 ## - FUENTE DE CATALOGACIÓN
Centro catalogador/agencia de origen CAM
Lengua de catalogación spa
Centro/agencia transcriptor CAM
100 1# - ENTRADA PRINCIPAL--NOMBRE DE PERSONA
Nombre de persona Boisduval, Jean-Alphonse.
9 (RLIN) 29860
245 10 - MENCIÓN DEL TÍTULO
Título Essai sur l'entomologie horticole
Resto del título : comprenant l'histoire des insectes nuisibles a l'horticulture avec l'indication des moyens propres a les éloigner ou a les détruire et l'histoire des insectes et autres animaux utiles aux cultures /
Mención de responsabilidad, etc. par le Dr Boisduval.
260 ## - PUBLICACIÓN, DISTRIBUCIÓN, ETC.
Lugar de publicación, distribución, etc. Paris :
Nombre del editor, distribuidor, etc. Librairie d'Horticulture de E. Donnaud,
Fecha de publicación, distribución, etc. 1867.
300 ## - DESCRIPCIÓN FÍSICA
Extensión XVI, 648 p., [1] h. de lám. :
Otras características físicas il. ;
Dimensiones 21 cm.
599 ## - NOTA A LAS ILUSTRACIONES
NOTA A LAS ILUSTRACIONES La h. de lám. lit. retrato del autor.
650 #4 - PUNTO DE ACCESO ADICIONAL DE MATERIA--TÉRMINO DE MATERIA
Término de materia o nombre geográfico como elemento de entrada Insectos nocivos para la agricultura.
9 (RLIN) 136298
852 ## - LOCALIZACIÓN
Ubicación ES-MaACL
Número de control de estantería C-12028
Nota libre -- Enc. pasta española
Holdings
Estatus retirado Estado de pérdida Estado de daño No para préstamo Colección Biblioteca de origen Biblioteca actual Ubicación en estantería Fecha de adquisición Fuente de adquisición Total de préstamos Signatura topográfica completa Código de barras Visto por última vez Precio de reemplazo Tipo de ítem Koha
        Libros del s. XIX Biblioteca del Ateneo de Madrid Biblioteca del Ateneo de Madrid Sala Palomar 17/01/2008     C-12028 1159017 23/02/2023 23/02/2023 Libro impreso antiguo